Digital telephony (Record no. 3592)

000 -LEADER
fixed length control field 00571nam a2200217 a 4500
001 - CONTROL NUMBER
control field 3592
003 - CONTROL NUMBER IDENTIFIER
control field BD-DhUET
008 - FIXED-LENGTH DATA ELEMENTS--GENERAL INFORMATION
fixed length control field 900501s1991 nyua b 001 0 eng
020 ## - INTERNATIONAL STANDARD BOOK NUMBER
International Standard Book Number 0471620564
040 ## - CATALOGING SOURCE
Original cataloging agency DLC
Transcribing agency DLC
Modifying agency BD-DhUET
082 ## - DEWEY DECIMAL CLASSIFICATION NUMBER
Classification number 623.85
Item number BEL/1991
100 ## - MAIN ENTRY--PERSONAL NAME
Personal name Bellamy, John
245 10 - TITLE STATEMENT
Title Digital telephony
250 ## - EDITION STATEMENT
Edition statement 2nd ed.
260 ## - PUBLICATION, DISTRIBUTION, ETC. (IMPRINT)
Place of publication, distribution, etc. New York
Name of publisher, distributor, etc. John wiley & sons
Date of publication, distribution, etc. 1991
300 ## - PHYSICAL DESCRIPTION
Extent xix, 572 p.
Other physical details ill.
Dimensions 25 cm.
490 ## - SERIES STATEMENT
Series statement Wiley Series in telecommunications
504 ## - BIBLIOGRAPHY, ETC. NOTE
Bibliography, etc Includes bibliographies
650 #0 - SUBJECT ADDED ENTRY--TOPICAL TERM
Topical term or geographic name as entry element Digital telephony
942 ## - ADDED ENTRY ELEMENTS (KOHA)
Koha item type General Book
Holdings
Copy number Koha date last borrowed Koha normalized classification for sorting Price effective from Sublocation or collection (holding branch) Location (home branch) Koha date last seen Shelving location Not for loan Source of classification or shelving scheme Koha full call number Koha item type Withdrawn status Lost status Koha issues (times borrowed) Damaged status Date acquired Piece designation (barcode)
12015-10-10623_000000000000000_85BEL19912014-11-02Central Library, BUETCentral Library, BUET2016-02-06Circulation section  623.85/BEL/1991General Book  2 2014-11-0283618
2 623_000000000000000_85BEL19912014-11-02Central Library, BUETCentral Library, BUET2017-08-26Circulation section  623.85/BEL/1991General Book    2014-11-0283620
3 623_000000000000000_85BEL19912014-11-02Central Library, BUETCentral Library, BUET2017-08-16Circulation section  623.85/BEL/1991General Book    2014-11-0283623
42023-03-07623_850000000000000_BEL_19912014-11-02Central Library, BUETCentral Library, BUET2024-02-20Circulation section  623.85/BEL/1991General Book  2 2014-11-0286339
5 623_850000000000000_BEL_19912015-07-01Central Library, BUETCentral Library, BUET2015-07-01Reading section  623.85/BEL/1991Reading Item    2015-07-0187594
ক-১ 623_850000000000000_BEL_19912024-12-09Central Library, BUETCentral Library, BUET2024-12-09Rental section  623.85 BEL/1991Rental Item    1992-06-0683563
ক-২ 623_850000000000000_BEL_19912024-12-09Central Library, BUETCentral Library, BUET2024-12-09Rental section  623.85 BEL/1991Rental Item    1992-06-0683564
ক-৩ 623_850000000000000_BEL_19912024-12-09Central Library, BUETCentral Library, BUET2024-12-09Rental section  623.85 BEL/1991Rental Item    1992-06-0683565
ক-৪ 623_850000000000000_BEL_19912024-12-09Central Library, BUETCentral Library, BUET2024-12-09Rental section  623.85 BEL/1991Rental Item    1992-06-0683566
ক-৫ 623_850000000000000_BEL_19912024-12-09Central Library, BUETCentral Library, BUET2024-12-09Rental section  623.85 BEL/1991Rental Item    1992-06-0683567
ক-৬ 623_850000000000000_BEL_19912024-12-09Central Library, BUETCentral Library, BUET2024-12-09Rental section  623.85 BEL/1991Rental Item    1992-06-0683568
ক-৭ 623_850000000000000_BEL_19912024-12-09Central Library, BUETCentral Library, BUET2024-12-09Rental section  623.85 BEL/1991Rental Item    1992-06-0683569
ক-৮ 623_850000000000000_BEL_19912024-12-09Central Library, BUETCentral Library, BUET2024-12-09Rental section  623.85 BEL/1991Rental Item    1992-06-0683570
ক-৯ 623_850000000000000_BEL_19912024-12-09Central Library, BUETCentral Library, BUET2024-12-09Rental section  623.85 BEL/1991Rental Item    1992-06-0683571
ক-১০ 623_850000000000000_BEL_19912024-12-09Central Library, BUETCentral Library, BUET2024-12-09Rental section  623.85 BEL/1991Rental Item    1992-06-0683572
ক-১১ 623_850000000000000_BEL_19912024-12-09Central Library, BUETCentral Library, BUET2024-12-09Rental section  623.85 BEL/1991Rental Item    1992-06-0683573
ক-১২ 623_850000000000000_BEL_19912024-12-09Central Library, BUETCentral Library, BUET2024-12-09Rental section  623.85 BEL/1991Rental Item    1992-06-0683574
ক-১৩ 623_850000000000000_BEL_19912024-12-09Central Library, BUETCentral Library, BUET2024-12-09Rental section  623.85 BEL/1991Rental Item    1992-06-0683575
ক-১৪ 623_850000000000000_BEL_19912024-12-09Central Library, BUETCentral Library, BUET2024-12-09Rental section  623.85 BEL/1991Rental Item    1992-06-0683576
ক-১৫ 623_850000000000000_BEL_19912024-12-09Central Library, BUETCentral Library, BUET2024-12-09Rental section  623.85 BEL/1991Rental Item    1992-06-0683577